00910cam a22002531 4500001001300000003000400013005001700017008004100034010001700075035001900092040003700111050002400148051001500172100005500187245007700242260004900319300003900368490006900407500007200476504003200548650002600580650003300606999001700639gs 31000285 DLC20260227111336.0810720s1930 bl f b 000 0 por c ags 31000285  a(OCoLC)7598564 aU.S. Geological SurveycNICdDLC00aQE235b.A27 vol. 10 aQE729b.R41 aReed, F. R. C.q(Frederick Richard Cowper),d1869-04aUma nova fauna Permo-Carbonifera do Brazil,cpelo dr. F. R. Cowper Reed. aRio de Janeiro,bPapelaria Americana,c1930. a45, 7 p., 1 leaf, VIII pl.c30 cm.0 aBrazil. Serviço geologico e mineralogico. Monographias,vv. 10 aAt head of title: Ministerio da agricultura, industria e commercio. aBibliographical foot-notes. 0aPaleontologyzBrazil. 0aPaleontologyyCarboniferous. c26924d26924